Manual on pupil transportation. (Record no. 21701)
[ view plain ]
| 000 -LEADER | |
|---|---|
| fixed length control field | 00831cam a22002411 4500 |
| 001 - CONTROL NUMBER | |
| control field | e 40000184 |
| 003 - CONTROL NUMBER IDENTIFIER | |
| control field | DLC |
| 005 - DATE AND TIME OF LATEST TRANSACTION | |
| control field | 20260227111228.0 |
| 008 - FIXED-LENGTH DATA ELEMENTS--GENERAL INFORMATION | |
| fixed length control field | 880623s1940 kyu 000 0 eng |
| 010 ## - LIBRARY OF CONGRESS CONTROL NUMBER | |
| LC control number | e 40000184 |
| 035 ## - SYSTEM CONTROL NUMBER | |
| System control number | (OCoLC)18126726 |
| 040 ## - CATALOGING SOURCE | |
| Original cataloging agency | DLC |
| Transcribing agency | AU |
| Modifying agency | DLC |
| 042 ## - AUTHENTICATION CODE | |
| Authentication code | premarc |
| 050 00 - LIBRARY OF CONGRESS CALL NUMBER | |
| Classification number | L152 |
| Item number | .B35 vol. 8, no. 1 |
| 110 1# - MAIN ENTRY--CORPORATE NAME | |
| Corporate name or jurisdiction name as entry element | Kentucky. |
| Subordinate unit | State Board of Education. |
| 245 10 - TITLE STATEMENT | |
| Title | Manual on pupil transportation. |
| Statement of responsibility, etc. | Published by order of the State board of education. John W. Brooker, superintendent of public instruction. |
| 260 ## - PUBLICATION, DISTRIBUTION, ETC. | |
| Place of publication, distribution, etc. | [Frankfort, Ky., |
| Date of publication, distribution, etc. | 1940] |
| 300 ## - PHYSICAL DESCRIPTION | |
| Extent | 131 p. |
| Dimensions | 23 cm. |
| 490 0# - SERIES STATEMENT | |
| Series statement | [Dept. of education] Educational bulletin, |
| Volume/sequential designation | v. VIII, no. 1 |
| 650 #0 - SUBJECT ADDED ENTRY--TOPICAL TERM | |
| Topical term or geographic name entry element | School children |
| General subdivision | Transportation |
| Geographic subdivision | Kentucky. |
| 700 1# - ADDED ENTRY--PERSONAL NAME | |
| Personal name | Young, Gordie. |
| 710 1# - ADDED ENTRY--CORPORATE NAME | |
| Corporate name or jurisdiction name as entry element | Kentucky. |
| Subordinate unit | Department of Education. |
No items available.